000 00626nam a2200181Ia 4500
003 GCL
008 140319s9999 xx 000 0 ara d
040 _aGCL /
_cGCL
082 0 4 _a812.009
_bع م
100 1 _aعصام الدين ابوالعلا
245 1 0 _aالمسرحية العربية: الحقيقة التاريخية والزيف الفنى /
_cعصام الدين ابوالعلا
260 _a[S.N] :
_bالهيئة المصرية العامة للكتاب ،
_c1992
490 _a
650 0 4 _aالادب العربى
650 0 4 _aالمسرحيات
650 0 4 _aتاريخ ونقد
942 _2ddc
_cBK
999 _c35160
_d35160